000 01507cam a2200313 a 4500
001 15308160
005 20090831142656.0
008 080528s2009 njua b 001 0 eng
010 _a 2008021656
020 _a0130907863 (alk. paper)
020 _a9780130907868 (alk. paper)
035 _a(OCoLC)ocn229747513
035 _a(OCoLC)229747513
040 _aDLC
_cDLC
_dBAKER
_dBTCTA
_dC#P
_dYDXCP
_dBWX
_dDLC
050 0 0 _aHD9715.A2
_bS358 2009
082 0 0 _a624.068
_222
_bSCH
100 1 _aSchaufelberger, John,
_d1942-
_923098
245 1 0 _aConstruction Business Management /
_cJohn Schaufelberger.
260 _aUpper Saddle River, N.J. :
_bPrentice Hall, 2009
_cc2009.
300 _axii, 249 p. :
_bill. ;
_c25 cm.
504 _aIncludes bibliographical references and index.
650 0 _aConstruction industry
_xManagement.
_923099
653 _bCiv
_cApril2011
856 4 1 _3Table of contents only
_uhttp://www.loc.gov/catdir/toc/ecip0819/2008021656.html
942 _2ddc
_cBB
999 _c15120
_d15120